zpět

Detail výsledku týmu

Metro Music Pub, Most

Datum a čas kvízu

16.5 Celkem bodů Celkový počet nahraných bodů na tomto kvízu bez doplňovacích otázek.
6. Pořadí na kvízu Konečné umístění týmu na tomto kvízu.

Zaznamenané odpovědi

# Otázka Odpověď Body Výsledky
1. Řídit soupravu pražského metra... 0
2. Loď slavného polárního badatel... 0
3. Čínské úřady nedovolily v zemi... 0
4. Liberecká buňka KSČM zveřejnil... 0
5. Vytrvalostní běžkyně Eva Vrabc... 0
6. Partnerem Hospodského kvízu se... 0
7. Když se řekne rum, může to něk... 0
8. Jak se dvěma cizími slovy nazý... 0
9. Napište podtitul prvního dílu... 1
10. Ikonou rumů značky Captain Mor... 0